000 01337nam0a2200325 4500
001 RU\NLR\BIBL_A\010555267
005 20250614071219.0
010 _a978-5-386-07050-2
_97000
021 _aRU
_b2014-74464
_94560
035 _a(NILC)RuMoRGB-007564994
035 _a(NLR Aleph) 010555267
090 _a10355774
_c10355774
100 _a20141204d2014 |||y0rusy50 ca
101 0 _arus
102 _aRU
105 _aa|||j|||000yy
200 1 _aМоя маленькая морская свинка
_eзадания, интетересные факты, игры, полезные советы; 92 наклейки внутри + фотоальбом с питомцами
_e[для детей младшего и среднего школьного возраста]
210 _aМосква
_cРИПОЛ классик
_d2014
215 _a32 с., [4] л. цв. наклеек
_cцв. ил.
_d28
225 1 _aМой первый учебник ответственности
333 _a6+
606 1 _aМорские свинки
_jИздания для детей
_91210259
_3RU\NLR\AUTH\66172677
686 0 _aШ9
_bЕ6
801 0 _aRU
_bРГБ
_c20141010
_gRCR
801 1 _aRU
_bРГБ
_c20141010
_2rusmarc
942 _cBOOK
980 _aNB